|
|
|
|
| LEADER |
01474nam a22003612i 4500 |
| 001 |
001535091 |
| 003 |
CZ BrMZK |
| 005 |
20161129120152.0 |
| 007 |
ta |
| 008 |
160714s1988 xr a er|||||||||||ita d |
| 015 |
|
|
|a cnb000047740
|
| 035 |
|
|
|a (OCoLC)39428274
|
| 040 |
|
|
|a ABA001
|b cze
|d ABA001
|d BOA001
|e rda
|
| 041 |
0 |
|
|a ita
|a cze
|
| 080 |
9 |
|
|a 730.027
|
| 245 |
0 |
0 |
|a Blansko :
|b rimando del tempo nelle arti figurative = odraz doby ve výtvarném umění /
|c úvodní slovo Josef Hemzal, do italštiny přeložila Jana Šumpelová ; fotografie a grafická úprava Michal Novák
|
| 246 |
3 |
1 |
|a Rimando del tempo nelle arti figurative
|
| 246 |
3 |
1 |
|a Odraz doby ve výtvarném umění
|
| 264 |
|
1 |
|a Blansko :
|b Závodní klub ROH Metra Blansko,
|c 1988
|
| 300 |
|
|
|a 20 stran :
|b ilustrace ;
|c 20 cm
|
| 336 |
|
|
|a text
|b txt
|2 rdacontent
|
| 337 |
|
|
|a bez média
|b n
|2 rdamedia
|
| 338 |
|
|
|a svazek
|b nc
|2 rdacarrier
|
| 500 |
|
|
|a Vydáno při příležitosti Josefským trhům ve Scandianu v březnu a Dnů italské kultury v Blansku
|
| 546 |
|
|
|a Souběžný český text
|
| 700 |
1 |
|
|a Hemzal, Josef
|4 wfw
|
| 700 |
1 |
|
|a Novák, Michal,
|d 1954-
|7 jn99240000785
|4 ill
|
| 700 |
1 |
|
|a Šumpelová, Jana
|4 trl
|
| 910 |
|
|
|a BOA001
|b X-0933.292
|
| 990 |
|
|
|a BK
|
| 991 |
|
|
|b 201605
|
| 996 |
6 |
|
|b 2619165070
|c X-0933.292
|l MZK
|r Sklad / do 24 hodin
|n 0
|w 001569903
|u 000020
|a 1
|e BOA001
|j MZK50
|s P
|
| 996 |
7 |
|
|b 2619165071
|c X-0933.292
|l MZK
|r Sklad / do 24 hodin
|n 0
|w 001569903
|u 000010
|a 1
|e BOA001
|j MZK50
|s A
|